| 000 | 00641nam a2200217Ii 4500 | ||
|---|---|---|---|
| 003 | JO-AjNU | ||
| 008 | 230606s9999||||xx |||||||||||||| ||und|| | ||
| 020 | _a978-1-305-252721-4 | ||
| 040 |
_aJO-AjNU _beng _erda _cJO-AjNU |
||
| 041 | _aeng | ||
| 050 | 1 | 4 | _aTA710.D2588 2016 |
| 100 | 3 |
_aDas, Braja, _eauthor _94975 |
|
| 245 | 0 | 0 | _aIntroducation to Geotechnical Engineering |
| 250 | _a2 ed | ||
| 264 | 3 | 1 | _aAustralia ;Cengage lwarning ,2016 |
| 300 | _a483p | ||
| 336 |
_atext _btxt _2rdacontent |
||
| 337 |
_aunmediated _bn _2rdamedia |
||
| 338 |
_avolume _bnc _2rdacarrier |
||
| 650 | 4 |
_aIntroducation to Geotechnical Engineering _94976 |
|
| 999 |
_aE2573 _c2571 _d2571 |
||